Petit Bac - Lettre D - Statistiques

Statistiques générales
  • Ce quiz a été pris 7 332 fois
  • Le résultat moyen est 9 sur 10
Statistiques - réponses
Catégories : Réponses en D % Correct
Prénom Dahlia / Daisy / Dalila / Danaé / Dana / Danaele / Danièle / Daphné / Darlène / Davina / Déborah / Délia / Delphine / Diana / Diane / Dilys / Djamila / Dominique / Domitille / Donna / Dona / Doriane / Doris / Dorothée / Dune / Dagobert / Damien / Dan / Daniel / Darius / David / Denis / Derek / Désiré / Didier / Diego / Dimitri / Djamel / Djibril / Dominique / Donald / Donatien / Donovan / Dorian / Douglas / Dustin / Dylan
100%
Objet Dague / Dalle / Damier / Dentifrice / Dictionnaire / Disque / Domino / Douche / Doudou / Douille / Drapdentier / Drone / Dinette / Dés / Drapeau / Doudoune / Dossier / Dictaphone / Diamant / Draps / Déodorant / Divan / DVD / Duvet / Durite / Dynamite / Décapsuleur / Douchette / Distributeur / Dé à coudre / Diode / Dominos / Diabolo / Déambulateur / Dynamo / Dôme / Diable / Document / Deltaplane / Dale / Diadème / Disque / Dessin / Disquette / Diapason / Dentelle / Défibrillateur / Diplôme / Dinosaure en plastique / Dame / Décodeur / Dirigeable / Dragonne / dico / Disqueuse / Djembé / Drain / Doseur / Débardeur / Disjoncteur / Dressing / Dent en or / dameuse / Dentier / Dossard / Détonateur / Dynamomètre / Dosette / Détecteur / Décamètre / Dé à coudre / Denier / Détergent / Doigtier / Décimètre / Déchet / Dames / Double décimètre / Damiers / Dalles / Dévidoir / Dentiers / Diligence / Diffuseur / Desserte / dorsale / Dragée / Digicode / DADO / dressoir / drapeaux / Dalle de béton / Draisienne / Détecteur de métaux / Drille / Drakkar / Détecteur de fumée / Dent en plastique / Darbouka / Dé
97%
Pays Danemark / Djibouti / Dominique
97%
Partie du corps Deltoïde / Dent / Dentrites / Diaphragme / Diaphyse / Diencéphale / Disque intervertébral / Doigt / Dos / Duodénum / Dure-mère
95%
Animal Daim / Daman / Dasyure / Dauphin / Demoiselle de Numidie / Dendrobate / Dendrolague / Desman / Dhole / Diable de Tasmanie / Dik-dik / Dinde / Dindon / Dingo / Dipneuste / Douc / Dragon barbu / Dragon de Komodo / Dromadaire / Dugong
93%
Marque D-Link / D3Publisher / Daan Tech / Dacomex / Dali / Dane Elec / Datel / Davis Acoustics / Dazzle De Dietrich / Deep Silver / Deepcool / Dell / Delock / Delux / Denon / Designed by GG / Devolo / Dexlan / Dice / Dicota / Digital Bros / Digital Innovations / Digitus / Disney Electronics / Disney Interactive / Disney / Divacore / Divoom / Dji / Dometic / Domoclip / DONTNOD Entertainment / Doro / Dragon War / Dream Machines / Dreamcatcher / Druide / dtp entertainment / Ducky Channel / Duracell / DXRacer / Dymo / Dynatron / Dyson / Daims / DHL / Dolby / Dominos / Denym / Duplo / Daunat / Dr Martens / Discord / Destop / Dannette / Destel / Dacia / Danone / Darty / Decathlon / Desigual / Diesel / Dim / Dior / Dolce gabana / Dove / Durex / Dyson / Doritos / Domyos / Dunlop / Daniel Wellington / Dodge / dolce gabbana / dominos pizza / D&G / Dorcel / Ducati / Devred / Dickies / Dop / Doliprane / Dodo / Danao / Domino's / dc shoes / Duracell / Damart / Diddle / Duplo / Denim / daddy / Diadora / Desperados / Dia / Daewoo / Delta / Dakine / D-Link / decatlon / Deezer / doc martens / Ducatti / Daimler / Datsun /Deliveroo / Dash
93%
Métier Danseur / Data manager / Douanier / Décolleteur / Décorateur / Déménageur / Démographe / Dépanneur en électroménager / Designer / Dessinateur / Développeur / Diagnostiqueur immobilier / Diététicien / Directeur / Dentiste / Documentaliste / Domoticien / Danseuse / Docteur / Dermatologue
92%
Fruit ou Légume Datte / Durian
84%
Sport Danse / Dames / Décathlon / Décathlon olympique moderne / Deltaplane / Duathlon / Dodgeball / Double Dutch
75%
Vêtement dashiki / daumière / débardeur / demi-dakar / déshabillé / dessous / dessous féminin / deux-pièces / devanteau / dhoti / dichdacha / djellaba / djilbab / dobok / doliman / dolman / dorsay / dos nu / doudoune / douillette / duffel-coat / dupatta / Durag
52%
Aucun quiz correspondant
Distribution des résultats
% des personnes avec chaque résultat
Percentile par nombre de réponses
Votre historique - résultats
Vous n’avez pas pris ce quiz